Handwritten Newspapers (Record no. 29517)

MARC details
000 -LEADER
fixed length control field 00704nam a2200121Ia 4500
008 - FIXED-LENGTH DATA ELEMENTS--GENERAL INFORMATION
fixed length control field 220620s9999||||xx |||||||||||||| ||und||
245 #0 - TITLE STATEMENT
Title Handwritten Newspapers
Remainder of title An Alternative Medium during the Early Modern and Modern Periods
546 ## - LANGUAGE NOTE
Language note English[eng]
650 ## - SUBJECT ADDED ENTRY--TOPICAL TERM
Topical term or geographic name entry element Handwritten Newspapers||Scribal communication||Social practice||Literary culture||Literacy||Education
700 ## - ADDED ENTRY--PERSONAL NAME
Personal name Droste, Heiko||Salmi-Niklander, Kirsti
856 ## - ELECTRONIC LOCATION AND ACCESS
Uniform Resource Identifier <a href="https://library.oapen.org/bitstream/20.500.12657/23573/1/handwritten-newspapers.pdf||https://library.oapen.org/bitstream/20.500.12657/23573/1/handwritten-newspapers.pdf||https://library.oapen.org/bitstream/20.500.12657/23573/1/handwritten-newspapers.pdf">https://library.oapen.org/bitstream/20.500.12657/23573/1/handwritten-newspapers.pdf||https://library.oapen.org/bitstream/20.500.12657/23573/1/handwritten-newspapers.pdf||https://library.oapen.org/bitstream/20.500.12657/23573/1/handwritten-newspapers.pdf</a>
942 ## - ADDED ENTRY ELEMENTS (KOHA)
Koha item type E-Books
Holdings
Withdrawn status Lost status Damaged status Not for loan Home library Current library Date acquired Total Checkouts Date last seen Price effective from Koha item type
        Kerala University of Digital Sciences, Innovation and Technology Knowledge Centre Kerala University of Digital Sciences, Innovation and Technology Knowledge Centre 20/06/2022   20/06/2022 20/06/2022 E-Books